书目信息 |
| 题名: |
设施农业
|
|
| 作者: | 孔庆信 主编 | |
| 分册: | 冬暖大棚果树栽培 | |
| 出版信息: | 济南 山东人民出版社 1999 |
|
| 页数: | 208页 | |
| 开本: | 20cm | |
| 丛书名: | 跨世纪青年农民培训系列教材 | |
| 单 册: | ||
| 中图分类: | S62 , S628.4 | |
| 科图分类: | ||
| 主题词: | 温室栽培--技术教育--教材 , 果树--塑料温室--温室栽培--技术教育--教材 | |
| 电子资源: | ||
| ISBN: | 7-209-02518-9 | |
| 000 | 00821oam2 2200277 450 | |
| 001 | 0100010457 | |
| 005 | 20110517154229.0 | |
| 010 | @a7-209-02518-9@dCNY12.00 | |
| 011 | @a7-209-02518-9 | |
| 100 | @a20021005d1999 em y0chiy0110 ea | |
| 101 | 0 | @achi |
| 102 | @aCN@b370000 | |
| 105 | @ay z 000yy | |
| 106 | @ar | |
| 200 | 1 | @a设施农业@9She Shi Nong Ye @i冬暖大棚果树栽培@f孔庆信主编@b专著 |
| 210 | @a济南@c山东人民出版社@d1999 | |
| 215 | @a208页@d20cm | |
| 225 | 2 | @a跨世纪青年农民培训系列教材 |
| 410 | 0 | @12001 @a跨世纪青年农民培训系列教材 |
| 606 | 0 | @a温室栽培@x技术教育@x教材 |
| 606 | 0 | @a果树@x塑料温室@x温室栽培@x技术教育@x教材 |
| 690 | @aS62@v4 | |
| 690 | @aS628.4@v4 | |
| 701 | 0 | @a孔庆信@f(1947.8~)@9kong qing xin@4主编 |
| 801 | 0 | @aCN@bAiZhiMarc@c20000314 |
| 905 | @aBZT@dS62@e36@f1@sS62/36 | |
| 设施农业.冬暖大棚果树栽培/孔庆信主编.-济南:山东人民出版社,1999 |
| 208页;20cm.-(跨世纪青年农民培训系列教材) |
| ISBN 7-209-02518-9:CNY12.00 |
| ● |
| 相关链接 |
|
|
|
正题名:设施农业
索取号:S62/36
 
预约/预借
| 序号 | 登录号 | 条形码 | 馆藏地/架位号 | 状态 | 备注 |
| 1 | 2000065572 | 2000065572 | 旧书回溯/ [索取号:S62/36] | 在馆 |